Datos básicos sobre la evolución de la economía española (Record no. 79631)

MARC details
000 -LEADER
campo de control de longitud fija 00582nam a2200181 i 4500
001 - NÚMERO DE CONTROL
campo de control 79631
003 - IDENTIFICADOR DE NÚMERO DE CONTROL
campo de control ES-MaACL
005 - FECHA Y HORA DE LA ÚLTIMA TRANSACCIÓN
campo de control 20230906174022.0
007 - CAMPO FIJO DE DESCRIPCIÓN FÍSICA--INFORMACIÓN GENERAL
campo de control de longitud fija t|
008 - DATOS DE LONGITUD FIJA--INFORMACIÓN GENERAL
campo de control de longitud fija 041022s1971 sp a |||| | spa d
080 ## - NÚMERO DE LA CLASIFICACIÓN DECIMAL UNIVERSAL
Número de la Clasificación Decimal Universal 338(46)"1960/70"
245 00 - MENCIÓN DEL TÍTULO
Título Datos básicos sobre la evolución de la economía española
Resto del título : (1960-1970) /
Mención de responsabilidad, etc. Antonio Hernando, director.
260 ## - PUBLICACIÓN, DISTRIBUCIÓN, ETC.
Lugar de publicación, distribución, etc. [Madrid :
Nombre del editor, distribuidor, etc. MAPFRE,
Fecha de publicación, distribución, etc. 1971]
300 ## - DESCRIPCIÓN FÍSICA
Extensión 201 p. :
Otras características físicas il. ;
Dimensiones 24 cm.
651 #4 - PUNTO DE ACCESO ADICIONAL DE MATERIA--NOMBRE GEOGRÁFICO
Nombre geográfico España-
Subdivisión general Situación económica-
Subdivisión cronológica 1955-1975.
9 (RLIN) 171815
700 1# - ENTRADA AGREGADA--NOMBRE PERSONAL
Nombre de persona Hernando Lorenzo, A.
9 (RLIN) 63082
852 ## - LOCALIZACIÓN
Ubicación ES-MaACL
Número de control de estantería C-43499
Holdings
Estatus retirado Estado de pérdida Estado de daño No para préstamo Biblioteca de origen Biblioteca actual Ubicación en estantería Fecha de adquisición Fuente de adquisición Total de préstamos Signatura topográfica completa Código de barras Visto por última vez Precio de reemplazo Tipo de ítem Koha
        Biblioteca del Ateneo de Madrid Biblioteca del Ateneo de Madrid Depósito 2 17/01/2008     C-43499 1083267 23/02/2023 23/02/2023 Libro impreso